Alle Pokémon Attacken - Statistiken

Allgemein
  • Dieses Quiz wurde 1.882 mal gespielt
  • Das Durchschnittsergebnis liegt bei 211 aus 724
Antwortstatistiken
ID Typ Name % Korrekt
089 Boden Erdbeben
89%
087 Elektro Donner
86%
033 Normal Tackle
82%
019 Flug Fliegen
80%
044 Unlicht Biss
79%
085 Elektro Donnerblitz
79%
052 Feuer Glut
79%
057 Wasser Surfer
78%
058 Eis Eisstrahl
76%
055 Wasser Aquaknarre
75%
148 Normal Blitz
74%
094 Psycho Psychokinese
74%
053 Feuer Flammenwurf
72%
242 Unlicht Knirscher
70%
127 Wasser Kaskade
69%
064 Flug Pikser (Schnabel)
69%
247 Geist Spukball
69%
017 Flug Flügelschlag
68%
091 Boden Schaufler
68%
022 Pflanze Rankenhieb
67%
072 Pflanze Megasauger
66%
071 Pflanze Absorber
65%
059 Eis Blizzard
65%
009 Elektro Donnerschlag
65%
045 Normal Heuler
65%
075 Pflanze Rasierblatt
65%
088 Gestein Steinwurf
65%
332 Flug Aero-Ass
64%
145 Wasser Blubber
64%
202 Pflanze Gigasauger
64%
084 Elektro Donnerschock
63%
007 Feuer Feuerschlag
63%
056 Wasser Hydropumpe
63%
010 Normal Kratzer
63%
201 Gestein Sandsturm
63%
092 Gift Toxin
63%
086 Elektro Donnerwelle
62%
337 Drache Drachenklaue
62%
082 Drache Drachenwut
62%
008 Eis Eishieb
62%
126 Feuer Feuersturm
62%
240 Wasser Regentanz
62%
098 Normal Ruckzuckhieb
62%
157 Gestein Steinhagel
62%
015 Normal Zerschneider
62%
231 Stahl Eisenschweif
61%
095 Psycho Hypnose
61%
076 Pflanze Solarstrahl
61%
061 Wasser Blubbstrahl
60%
063 Normal Hyperstrahl
60%
079 Pflanze Schlafpuder
60%
077 Gift Giftpuder
59%
450 Käfer Käferbiss
59%
241 Feuer Sonnentag
59%
349 Drache Drachentanz
58%
423 Eis Eiszahn
58%
182 Normal Schutzschild
58%
444 Gestein Steinkante
58%
413 Flug Sturzflug
58%
424 Feuer Feuerzahn
57%
249 Kampf Zertrümmerer
57%
081 Käfer Fadenschuss
56%
040 Gift Giftstachel
56%
093 Psycho Konfusion
56%
060 Psycho Psystrahl
56%
078 Pflanze Stachelspore
56%
291 Wasser Taucher
56%
073 Pflanze Egelsamen
55%
398 Gift Gifthieb
55%
028 Boden Sandwirbel
55%
422 Elektro Donnerzahn
54%
585 Fee Mondgewalt
54%
014 Normal Schwerttanz
54%
043 Normal Silberblick
54%
070 Normal Stärke
54%
352 Wasser Aquawelle
53%
406 Drache Drachenpuls
53%
434 Drache Draco Meteor
53%
090 Boden Geofissur
53%
258 Eis Hagelsturm
53%
150 Normal Platscher
53%
414 Boden Erdkräfte
52%
083 Feuer Feuerwirbel
52%
174 Geist Fluch
52%
261 Feuer Irrlicht
52%
039 Normal Rutenschlag
52%
205 Gestein Walzer
52%
036 Normal Bodycheck
51%
034 Normal Bodyslam
51%
153 Normal Explosion
51%
189 Boden Lehmschelle
51%
113 Psycho Lichtschild
51%
016 Flug Windstoß
51%
062 Eis Aurorastrahl
50%
172 Feuer Flammenrad
50%
106 Normal Härtner
50%
188 Gift Matschbombe
50%
156 Psycho Erholung
49%
002 Kampf Karateschlag
49%
370 Kampf Nahkampf
49%
038 Normal Risikotackle
49%
211 Stahl Stahlflügel
49%
446 Normal Tarnsteine
49%
141 Käfer Blutsauger
48%
329 Eis Eiseskälte
48%
399 Unlicht Finsteraura
48%
405 Käfer Käfergebrumm
48%
068 Kampf Konter
48%
403 Flug Luftschnitt
48%
115 Psycho Reflektor
48%
136 Kampf Turmkick
48%
200 Drache Wutanfall
48%
204 Fee Charme
47%
442 Stahl Eisenschädel
47%
196 Eis Eissturm
47%
120 Normal Finale
47%
105 Normal Genesung
47%
069 Kampf Geowurf
47%
109 Geist Konfusstrahl
47%
029 Normal Kopfnuss
47%
341 Boden Lehmschuss
47%
430 Stahl Lichtkanone
47%
163 Normal Schlitzer
47%
308 Wasser Aquahaubitze
46%
065 Flug Bohrschnabel
46%
350 Gestein Felswurf
46%
047 Normal Gesang
46%
583 Fee Knuddler
46%
154 Normal Kratzfurie
46%
122 Geist Schlecker
46%
138 Psycho Traumfresser
46%
437 Pflanze Blättersturm
45%
355 Flug Ruheort
45%
344 Elektro Volttackle
45%
250 Wasser Whirlpool
45%
035 Normal Wickel
45%
046 Normal Brüller
44%
523 Boden Dampfwalze
44%
024 Kampf Doppelkick
44%
334 Stahl Eisenabwehr
44%
317 Gestein Felsgrab
44%
225 Drache Feuerodem
44%
394 Feuer Flammenblitz
44%
431 Normal Kraxler
44%
605 Fee Zauberschein
44%
097 Psycho Agilität
43%
421 Geist Dunkelklaue
43%
222 Boden Intensität
43%
404 Käfer Kreuzschere
43%
232 Stahl Metallklaue
43%
100 Psycho Teleport
43%
521 Elektro Voltwechsel
43%
246 Gestein Antik-Kraft
42%
104 Normal Doppelteam
42%
032 Normal Hornbohrer
42%
348 Pflanze Laubklinge
42%
191 Boden Stachler
42%
314 Flug Windschnitt
42%
080 Pflanze Blättertanz
41%
209 Elektro Funkensprung
41%
067 Kampf Fußkick
41%
542 Flug Orkan
41%
197 Kampf Scanner
41%
396 Kampf Aurasphäre
40%
111 Normal Einigler
40%
486 Elektro Elektroball
40%
305 Gift Giftzahn
40%
307 Feuer Lohekanonade
40%
005 Normal Megahieb
40%
503 Wasser Siedewasser
40%
243 Psycho Spiegelcape
40%
143 Flug Himmelsfeger
39%
315 Feuer Hitzekoller
39%
011 Normal Klammer
39%
118 Normal Metronom
39%
400 Unlicht Nachthieb
39%
427 Psycho Psychoklinge
39%
051 Gift Säure
39%
453 Wasser Wasserdüse
39%
054 Eis Weißnebel
39%
459 Drache Zeitenlärm
39%
409 Kampf Ableithieb
38%
432 Flug Auflockern
38%
577 Fee Diebeskuss
38%
525 Drache Drachenrute
38%
407 Drache Drachenstoß
38%
114 Eis Dunkelnebel
38%
412 Pflanze Energieball
38%
281 Normal Gähner
38%
390 Gift Giftspitzen
38%
147 Pflanze Pilzspore
38%
328 Boden Sandgrab
38%
425 Geist Schattenstoß
38%
482 Gift Schlammwoge
38%
048 Normal Superschall
38%
018 Normal Wirbelwind
38%
345 Pflanze Zauberblatt
38%
433 Psycho Bizarroraum
37%
420 Eis Eissplitter
37%
604 Elektro Elektrofeld
37%
522 Käfer Käfertrutz
37%
369 Käfer Kehrtwende
37%
236 Fee Mondschein
37%
101 Geist Nachtnebel
37%
488 Feuer Nitroladung
37%
110 Wasser Panzerschutz
37%
460 Drache Raumschlag
37%
023 Normal Stampfer
37%
183 Kampf Tempohieb
37%
144 Normal Wandler
37%
280 Kampf Durchbruch
36%
347 Psycho Gedankengut
36%
212 Normal Horrorblick
36%
300 Boden Lehmsuhler
36%
520 Pflanze Pflanzensäulen
36%
339 Kampf Protzer
36%
426 Boden Schlammbombe
36%
021 Normal Slam
36%
392 Wasser Wasserring
36%
210 Käfer Zornklinge
36%
282 Unlicht Abschlag
35%
324 Käfer Ampelleuchte
35%
213 Normal Anziehung
35%
164 Normal Delegator
35%
436 Feuer Flammensturm
35%
416 Normal Gigastoß
35%
457 Gestein Kopfstoß
35%
177 Flug Luftstoß
35%
025 Normal Megakick
35%
252 Normal Mogelhieb
35%
042 Käfer Nadelrakete
35%
418 Stahl Patronenhieb
35%
149 Psycho Psywelle
35%
214 Normal Schlafrede
35%
173 Normal Schnarcher
35%
235 Pflanze Synthese
35%
161 Normal Triplette
35%
518 Wasser Wassersäulen
35%
428 Psycho Zen-Kopfstoß
35%
194 Geist Abgangsbund
34%
133 Psycho Amnesie
34%
527 Elektro Elektronetz
34%
584 Fee Feenbrise
34%
780 Feuer Feuerball
34%
519 Feuer Feuersäulen
34%
338 Pflanze Flora-Statue
34%
012 Normal Guillotine
34%
158 Normal Hyperzahn
34%
336 Normal Jauler
34%
001 Normal Klaps
34%
103 Normal Kreideschrei
34%
221 Feuer Läuterfeuer
34%
330 Wasser Lehmbrühe
34%
441 Gift Mülltreffer
34%
417 Unlicht Ränkeschmied
34%
528 Elektro Stromstoß
34%
162 Normal Superzahn
34%
389 Unlicht Tiefschlag
34%
245 Normal Turbotempo
34%
239 Drache Windhose
34%
512 Flug Akrobatik
33%
003 Normal Duplexhieb
33%
139 Gift Giftwolke
33%
580 Pflanze Grasfeld
33%
257 Feuer Hitzewelle
33%
408 Gestein Juwelenkraft
33%
331 Pflanze Kugelsaat
33%
608 Fee Kulleraugen
33%
473 Psycho Psychoschock
33%
181 Eis Pulverschnee
33%
270 Normal Rechte Hand
33%
129 Normal Sternschauer
33%
447 Pflanze Strauchler
33%
195 Normal Abgesang
32%
207 Normal Angeberei
32%
192 Elektro Blitzkanone
32%
458 Normal Doppelschlag
32%
483 Käfer Falterreigen
32%
325 Geist Finsterfaust
32%
490 Kampf Fußtritt
32%
474 Gift Giftschock
32%
452 Pflanze Holzhammer
32%
030 Normal Hornattacke
32%
020 Normal Klammergriff
32%
402 Pflanze Samenbomben
32%
248 Psycho Seher
32%
340 Flug Sprungfeder
32%
224 Käfer Vielender
32%
530 Drache Doppelhieb
31%
284 Feuer Eruption
31%
411 Kampf Fokusstoß
31%
268 Elektro Ladevorgang
31%
435 Elektro Ladungsstoß
31%
419 Eis Lawine
31%
365 Flug Pflücker
31%
566 Geist Phantomkraft
31%
124 Gift Schlammbad
31%
123 Gift Smog
31%
309 Stahl Sternenhieb
31%
229 Normal Turbodreher
31%
049 Normal Ultraschall
31%
275 Pflanze Verwurzler
31%
006 Normal Zahltag
31%
710 Wasser Aquadurchstoß
30%
670 Pflanze Blattwerk
30%
185 Unlicht Finte
30%
360 Stahl Gyroball
30%
254 Normal Horter
30%
479 Gestein Katapult
30%
155 Boden Knochmerang
30%
451 Elektro Ladestrahl
30%
168 Unlicht Raub
30%
304 Normal Schallwelle
30%
397 Gestein Steinpolitur
30%
269 Unlicht Verhöhner
30%
135 Normal Weichei
30%
694 Eis Auroraschleier
29%
041 Käfer Duonadel
29%
556 Eis Eiszapfhagel
29%
031 Normal Furienschlag
29%
496 Normal Kanon
29%
152 Wasser Krabbhammer
29%
237 Normal Kraftreserve
29%
238 Kampf Kreuzhieb
29%
262 Unlicht Memento-Mori
29%
667 Boden Pferdestärke
29%
244 Normal Psycho-Plus
29%
366 Flug Rückenwind
29%
216 Normal Rückkehr
29%
533 Kampf Sanctoklinge
29%
026 Kampf Sprungkick
29%
609 Elektro Wangenrubbler
29%
223 Kampf Wuchtschlag
29%
186 Fee Bitterkuss
28%
299 Feuer Feuerfeger
28%
573 Eis Gefriertrockner
28%
102 Normal Mimikry
28%
401 Wasser Nassschweif
28%
484 Stahl Rammboss
28%
492 Unlicht Schmarotzer
28%
318 Käfer Silberhauch
28%
619 Boden Abgrundsklinge
27%
187 Normal Bauchtrommel
27%
438 Pflanze Blattgeißel
27%
572 Pflanze Blütenwirbel
27%
333 Eis Eisspeer
27%
184 Normal Grimasse
27%
180 Geist Groll
27%
517 Feuer Inferno
27%
125 Boden Knochenkeule
27%
107 Normal Komprimator
27%
276 Kampf Kraftkoloss
27%
559 Elektro Kreuzdonner
27%
558 Feuer Kreuzflamme
27%
208 Normal Milchgetränk
27%
346 Wasser Nassmacher
27%
467 Geist Schemenkraft
27%
227 Normal Zugabe
27%
506 Geist Bürde
26%
121 Normal Eierbombe
26%
310 Geist Erstauner
26%
117 Normal Geduld
26%
217 Normal Geschenk
26%
504 Normal Hausbruch
26%
534 Wasser Kalkklinge
26%
319 Stahl Metallsound
26%
581 Fee Nebelfeld
26%
264 Kampf Power-Punch
26%
678 Psycho Psychofeld
26%
108 Normal Rauchwolke
26%
130 Normal Schädelwumme
26%
614 Boden Tausend Pfeile
26%
142 Normal Todeskuss
26%
466 Geist Unheilböen
26%
074 Normal Wachstum
26%
594 Wasser Wasser-Shuriken
26%
620 Flug Zenitstürmer
26%
219 Normal Bodyguard
25%
663 Unlicht Dark Lariat
25%
510 Feuer Einäschern
25%
524 Eis Eisesodem
25%
037 Normal Fuchtler
25%
564 Käfer Klebenetz
25%
013 Normal Klingensturm
25%
171 Geist Nachtmahr
25%
151 Gift Säurepanzer
25%
574 Fee Säuselstimme
25%
529 Boden Schlagbohrer
25%
351 Elektro Schockwelle
25%
796 Stahl Stahlstrahl
25%
228 Unlicht Verfolgung
25%
273 Normal Wunschtraum
25%
312 Pflanze Aromakur
24%
203 Normal Ausdauer
24%
112 Psycho Barriere
24%
297 Flug Daunenreigen
24%
116 Normal Energiefokus
24%
263 Normal Fassade
24%
218 Normal Frustration
24%
481 Feuer Funkenflug
24%
359 Kampf Hammerarm
24%
532 Pflanze Holzgeweih
24%
393 Elektro Magnetflug
24%
669 Pflanze Solarklinge
24%
206 Normal Trugschlag
24%
066 Kampf Überroller
24%
586 Normal Überschallknall
24%
538 Pflanze Watteschild
24%
535 Feuer Brandstempel
23%
255 Normal Entfessler
23%
439 Gestein Felswerfer
23%
323 Wasser Fontränen
23%
342 Gift Giftschweif
23%
327 Kampf Himmelhieb
23%
198 Boden Knochenhatz
23%
588 Stahl Königsschild
23%
230 Normal Lockduft
23%
595 Feuer Magieflamme
23%
611 Käfer Plage
23%
540 Psycho Psychostoß
23%
134 Psycho Psykraft
23%
099 Normal Raserei
23%
137 Normal Schlangenblick
23%
119 Flug Spiegeltrick
23%
226 Normal Stafette
23%
298 Normal Taumeltanz
23%
256 Normal Verzehrer
23%
551 Feuer Blauflammen
22%
440 Gift Giftstreich
22%
320 Pflanze Grasflöte
22%
536 Pflanze Grasmixer
22%
443 Stahl Magnetbombe
22%
664 Wasser Schaumserenade
22%
596 Pflanze Schutzstacheln
22%
132 Normal Umklammerung
22%
160 Normal Umwandlung
22%
613 Flug Unheilsschwingen
22%
199 Normal Zielschuss
22%
292 Kampf Armstoß
21%
489 Gift Einrollen
21%
027 Kampf Fegekick
21%
560 Kampf Flying Press
21%
146 Normal Irrschlag
21%
004 Normal Kometenhieb
21%
368 Stahl Metallstoß
21%
706 Psycho Psychobeißer
21%
662 Geist Schattenfessel
21%
691 Drache Schuppenrasseln
21%
326 Psycho Sondersensor
21%
271 Psycho Trickbetrug
21%
313 Unlicht Trugträne
21%
618 Wasser Ursprungswoge
21%
449 Normal Urteilskraft
21%
165 Normal Verzweifler
21%
557 Feuer V-Generator
21%
679 Käfer Anfallen
20%
050 Normal Aussetzer
20%
178 Pflanze Baumwollsaat
20%
550 Elektro Blitzschlag
20%
455 Käfer Blockbefehl
20%
776 Kampf Body Press
20%
751 Drache Drachenpfeile
20%
549 Eis Eiszeit
20%
259 Unlicht Folterknecht
20%
301 Eis Frostbeule
20%
508 Stahl Gangwechsel
20%
456 Käfer Heilbefehl
20%
287 Normal Heilung
20%
322 Psycho Kosmik-Kraft
20%
362 Wasser Lake
20%
166 Normal Nachahmer
20%
193 Normal Scharfblick (Gesichte)
20%
612 Kampf Steigerungshieb
20%
660 Käfer Überrumpler
20%
233 Kampf Überwurf
20%
253 Normal Aufruhr
19%
175 Normal Dreschflegel
19%
507 Flug Freier Fall
19%
505 Psycho Heilwoge
19%
526 Normal Kraftschub
19%
463 Feuer Lavasturm
19%
096 Psycho Meditation
19%
234 Normal Morgengrauen
19%
251 Unlicht Prügler
19%
469 Gestein Rundumschutz
19%
491 Gift Säurespeier
19%
464 Unlicht Schlummerort
19%
169 Käfer Spinnennetz
19%
713 Stahl Stahlgestirn
19%
555 Unlicht Standpauke
19%
477 Psycho Telekinese
19%
176 Normal Umwandlung2
19%
363 Normal Beerenkräfte
18%
285 Psycho Fähigkeitstausch (Wertewechsel)
18%
371 Unlicht Gegenstoß
18%
601 Fee Geokontrolle
18%
567 Geist Halloween
18%
361 Psycho Heilopfer
18%
544 Stahl Klikkdiskus
18%
311 Normal Meteorologe
18%
283 Normal Notsituation
18%
562 Gift Rülpser
18%
159 Normal Schärfer
18%
128 Wasser Schnapper
18%
316 Normal Schnüffler
18%
388 Pflanze Sorgensamen
18%
429 Stahl Spiegelsalve
18%
140 Normal Stakkato
18%
778 Pflanze Trommelschläge
18%
709 Gestein Turbofelsen
18%
306 Normal Zermalmklaue
18%
682 Feuer Ausbrennen
17%
286 Psycho Begrenzer
17%
616 Boden Bodengewalt
17%
784 Drache Breitseite
17%
552 Feuer Feuerreigen
17%
290 Normal Geheimpower
17%
781 Stahl Gigantenhieb
17%
514 Normal Heimzahlung
17%
395 Kampf Kraftwelle
17%
296 Psycho Nebelball
17%
302 Pflanze Nietenranke
17%
570 Elektro Parabolladung
17%
745 Wasser Präzisionsschuss
17%
714 Geist Schattenstrahl
17%
454 Käfer Schlagbefehl
17%
374 Unlicht Schleuder
17%
266 Normal Spotlight
17%
303 Normal Tagedieb
17%
615 Boden Tausend Wellen
17%
509 Kampf Überkopfwurf
17%
215 Normal Vitalglocke
17%
693 Unlicht Wirbler
17%
575 Unlicht Abgangstirade
16%
661 Gift Bunker
16%
131 Normal Dornkanone
16%
744 Drache Dynamax-Kanone
16%
356 Psycho Erdanziehung
16%
707 Boden Fruststampfer
16%
179 Kampf Gegenschlag
16%
383 Normal Imitator
16%
373 Unlicht Itemsperre
16%
478 Psycho Magieraum
16%
548 Kampf Mystoschwert
16%
267 Normal Natur-Kraft
16%
675 Unlicht Neck Strike
16%
190 Wasser Octazooka
16%
676 Käfer Pollenknödel
16%
354 Psycho Psyschub
16%
659 Boden Sandsammler
16%
465 Pflanze Schocksamen
16%
294 Käfer Schweifglanz
16%
565 Käfer Stachelfinale
16%
279 Kampf Vergeltung
16%
472 Psycho Wunderraum
16%
343 Normal Bezirzer
15%
680 Feuer Feuerpeitsche
15%
599 Gift Giftfalle
15%
782 Stahl Gigantenstoß
15%
220 Normal Leidteiler
15%
721 Elektro Plasmafäuste
15%
537 Käfer Quetschwalze
15%
260 Unlicht Schmeichler
15%
688 Pflanze Tropenkick
15%
487 Wasser Überflutung
15%
410 Kampf Vakuumwelle
15%
476 Käfer Wutpulver
15%
785 Pflanze Zweigstoß
15%
591 Gestein Diamantsturm
14%
587 Fee Feenschloss
14%
353 Stahl Kismetwunsch
14%
384 Psycho Krafttausch
14%
335 Normal Rückentzug
14%
475 Stahl Autonomie
13%
480 Kampf Bergsturm
13%
592 Wasser Dampfschwall
13%
716 Elektro Elektropikser
13%
448 Flug Geschwätz
13%
372 Unlicht Gewissheit
13%
541 Normal Kehrschelle
13%
539 Unlicht Nachtflut
13%
265 Normal Riechsalz
13%
293 Normal Tarnung
13%
358 Kampf Weckruf
13%
497 Normal Widerhall
13%
367 Normal Akupressur
12%
787 Pflanze Apfelsäure
12%
278 Normal Aufbereitung
12%
378 Normal Auswringen
12%
692 Drache Drachenhammer
12%
545 Feuer Flammenball
12%
553 Eis Frostvolt
12%
788 Pflanze Gravitation
12%
377 Psycho Heilblockade
12%
531 Psycho Herzstempel
12%
755 Wasser Kiemenbiss
12%
668 Pflanze Kraftabsorber
12%
379 Psycho Krafttrick
12%
500 Psycho Kraftvorrat
12%
461 Psycho Lunartanz
12%
718 Normal Multi-Angriff
12%
364 Normal Offenlegung
12%
563 Boden Pflüger
12%
462 Normal Quetschgriff
12%
501 Kampf Rapidschutz
12%
684 Stahl Schmalhorn
12%
690 Flug Schnabelkanone
12%
547 Normal Urgesang
12%
571 Pflanze Waldesfluch
12%
387 Normal Zuflucht
12%
274 Normal Zuschuss
12%
494 Normal Zwango
12%
677 Stahl Ankerschuss
11%
783 Elektro Aura-Rad
11%
665 Eis Eishammer
11%
554 Eis Frosthauch
11%
791 Wasser Lebenstropfen
11%
380 Gift Magensäfte
11%
277 Psycho Magiemantel
11%
288 Geist Nachspiel
11%
717 Fee Naturzorn
11%
722 Psycho Photonen-Geysir
11%
385 Psycho Schutztausch
11%
502 Psycho Seitentausch
11%
543 Normal Steinschädel
11%
546 Normal Techblaster
11%
170 Normal Willensleser
11%
792 Unlicht Abblocker
10%
733 Wasser Blubbsauger
10%
712 Geist Diebesschatten
10%
499 Gift Klärsmog
10%
468 Unlicht Klauenwetzer
10%
471 Psycho Kraftteiler
10%
445 Normal Liebreiz
10%
598 Elektro Mystowellen
10%
786 Elektro Overdrive
10%
704 Feuer Panzerfalle
10%
687 Drache Sanktionskern
10%
708 Geist Schattenknochen
10%
789 Fee Seelenbruch
10%
561 Kampf Tatami-Schild
10%
289 Unlicht Übernahme
10%
415 Unlicht Wechseldich
10%
498 Normal Zermürben
10%
381 Normal Beschwörung
9%
593 Psycho Dimensionsloch
9%
382 Normal Egotrip
9%
495 Normal Galanterie
9%
568 Normal Kampfgebrüll
9%
705 Fee Kanonenbouquet
9%
793 Unlicht Kniefalltrick
9%
617 Fee Lux Calamitatis
9%
754 Elektro Schockschnabel
9%
775 Drache Seelentanz
9%
756 Normal Seitenwechsel
9%
321 Normal Spaßkanone
9%
485 Psycho Synchrolärm
9%
749 Gestein Teerschuss
9%
795 Drache Unendynastrahlen
9%
357 Psycho Wunderauge
9%
621 Unlicht Dimensionswahn
8%
746 Unlicht Fesselbiss
8%
666 Fee Florakur
8%
683 Psycho Initiativetausch
8%
589 Normal Kameradschaft
8%
602 Elektro Magnetregler
8%
272 Psycho Rollenspiel (Rollentausch)
8%
295 Psycho Scheinwerfer
8%
470 Psycho Schutzteiler
8%
681 Unlicht Überheblichkeit
8%
582 Elektro Elektrifizierung
7%
576 Unlicht Invertigo
7%
753 Kampf Octoklammer
7%
742 Stahl Panzerfäuste
7%
711 Psycho Prisma-Laser
7%
375 Psycho Psybann
7%
600 Käfer Pulverschleuder
7%
386 Unlicht Strafattacke
7%
515 Kampf Wagemut
7%
493 Normal Wankelstrahl
7%
597 Fee Duftwolke
6%
606 Normal Ehrentag
6%
748 Kampf Finalformation
6%
603 Normal Goldene Zeiten
6%
689 Psycho Kommando
6%
673 Normal Konzentration
6%
569 Elektro Plasmaschauer
6%
737 Unlicht Quälzone
6%
738 Pflanze Sprießbomben
6%
794 Kampf Sternensturm
6%
715 Normal Tränendrüse
6%
590 Normal Vertrauenssache
6%
777 Fee Verzierung
6%
686 Normal Wecktanz
6%
167 Kampf Dreifackkick
5%
741 Normal Evo-Crash
5%
735 Feuer Flackerbrand
5%
740 Fee Glitzersturm
5%
739 Eis Klirrfrost
5%
720 Feuer Knallkopf
5%
734 Elektro Knisterladung
5%
516 Normal Offerte
5%
732 Elektro Pika-Flash
5%
736 Psycho Pulsieraura
5%
752 Normal Teatime
5%
511 Unlicht Verzögerung
5%
790 Fee Wunderdampf
5%
579 Fee Floraschutz
4%
607 Normal Händchenhalten
4%
674 Stahl Hilfsmechanik
4%
750 Psycho Magiepuder
4%
730 Wasser Plätschersurfer
4%
671 Normal Rampenlicht
4%
731 Flug Schwebesturz
4%
391 Psycho Statustausch
4%
578 Fee Trickschutz
4%
376 Normal Trumpfkarte
4%
513 Normal Typenspiegel
4%
610 Normal Zurückhaltung
4%
747 Normal Backenstopfer
3%
729 Elektro Brizelturbo
3%
779 Pflanze Fangeisen
3%
685 Gift Läuterung
3%
672 Gift Giftfadeb
2%
Keine übereinstimmenden Quizze gefunden
Verteilung der Resultate
Anzahl Personen mit jedem Resultat
Perzentil nach korrekt beantworteten Fragen
Ihre Resultats-Entwicklung
Sie haben dieses Quiz noch nicht gespielt